| 000 | 01379cam a2200301 i 4500 | ||
|---|---|---|---|
| 003 | SA-RiAUC | ||
| 005 | 20241006121541.0 | ||
| 008 | 241002s1996 su g b 00010 ara c | ||
| 020 | _a9960624226 | ||
| 040 |
_aSA-JeKAU _bara _cSA-RiAUC _erda |
||
| 043 |
_aa-su--- _aar----- |
||
| 050 | 4 | _b.M35 1996 | |
| 082 | 0 | 4 |
_a016.9531 _qSA-RiAUC |
| 090 |
_a016.9531 _bم ك ت |
||
| 110 | 2 |
_aمكتبة الملك عبد العزيز العامة _eمؤلف. |
|
| 245 | 1 | 2 |
_aالدليل الببليوجرافي : _bمعرض المؤلفات النادرة عن المملكة العربية السعودية والجزيرة العربية / _cمكتبة الملك عبد العزيز العامة. |
| 264 | 1 |
_aالرياض : _bمكتبة الملك عبد العزيز العامة، _c1996 |
|
| 300 |
_a226 صفحة ؛ _c29 سم. |
||
| 336 |
_aنص _btxt _2rdacontent _3كتاب |
||
| 337 |
_aبدون وسيط _bn _2rdamedia |
||
| 338 |
_aمجلد _bnc _2rdacarrier |
||
| 490 | 1 |
_aالأعمال الكاملة ؛ _v18 |
|
| 651 | 7 |
_aالسعودية _xتاريخ _vببليوجرافيات _2aucsh |
|
| 651 | 7 |
_aشبه الجزيرة العربية _xتاريخ _vببليوجرافيات _2aucsh |
|
| 830 | 2 |
_aالأعمال الكاملة (الهيئة العامة لقصور الثقافة) _v18 |
|
| 942 |
_2ddc _cBOOK _n0 |
||
| 949 |
_aSA-JeALM _d241002 _umohamedma123 _n1 |
||
| 999 |
_c924 _d924 |
||